00249nam a22000857a 4500008004100000082001600041110004400057245005400101300000800155230606b xxu||||| |||| 00| 0 eng d a346.06bEAC bThe East African community secretariant aEast Africa Community Customs Strategyb2011-2016 a50p